000 00239nam a2200097Ia 4500
008 230508s2004 xx 000 0 und d
041 _aeng
100 _aIVOR HORTON
245 _aBEGINNIMG VISUAL C++ 6
260 _bSHROFF PUBLI & DIST
_c2004
999 _c715158
_d715158